Squali - Per Immagine - Statistics

Statistiche generali
  • Questo quiz è stato fatto 21 volte
  • Il punteggio medio è 7 su 20
Statistiche sulle risposte
con Immagini Risposta % Corretto
Squalo Balena
95%
Grande Squalo Bianco
85%
Grande Squalo Martello
80%
Squalo Tigre
75%
Squalo Sega
65%
Squalo Elefante
45%
Squalo Mako
45%
Squalo Toro
45%
Squalo Azzurro
35%
Squalo Grigio
30%
Squalo Leuca
30%
Squalo Pinna Bianca
20%
Squalo Pinna Nera
20%
Squalo Goblin
15%
Squalo Volpe
15%
Squalo Limone
10%
Squalo Zebra
10%
Pesce Angelo
5%
Squalo Chitarra
5%
Squalo Tappeto
5%
Nessun quiz corrispondente trovato
Distribuzione punteggi
Percentuale di utenti per punteggio
Percentile per numero di risposta
I tuoi punteggi nel tempo
Non hai fatto questo quiz